African American English
| Titel: | African American English : a linguistic introduction / Lisa J. Green |
|---|---|
| Verfasser: | |
| Veröffentlicht: | Cambridge [u.a.] : Univ. Press, 2002 |
| Umfang: | XII, 285 S. : Ill. ; 26 cm |
| Format: | E-Book |
| Sprache: | Englisch |
| RVK-Notation: |
·
·
|
Vorliegende Ausgabe: | Online-Ausg.: 2005. - Online-Ressource. |
| ISBN: | 9780511078231 (Sekundärausgabe) |
| Hinweise zum Inhalt: |
Inhaltsbeschreibung der Sammlung und Zugangshinweise
|
alg: 18005873
001A $00030:01-08-06
001B $01999:13-08-17 $t07:23:35.000
001C $05000:21-06-13 $t12:46:13.000
001D $00030:01-08-06
001U $0utf8
001X $00
002@ $0Oau
003@ $0180058738
004G $A978-0-511-07823-1
007A $0180058738 $aHEB
009P $3Inhaltsbeschreibung der Sammlung und Zugangshinweise $uhttp://www.nationallizenzen.de/angebote/nlproduct.2006-03-20.4421392276
009Q $SV153 $uhttp://search.ebscohost.com/login.aspx?direct=true&scope=site&db=nlebk&db=nlabk&AN=125093 $xH
010@ $aeng
011@ $a2002
011B $a2005
016A $aDguu
017B $aZDB-1-NEL
021A $aAfrican American English $da linguistic introduction $hLisa J. Green
028A $#Green, Lisa $71013319958 $8Green, Lisa J.$Z1963- [Tp3] $9267969082
032C $a[Online-Ausg.]
033A $pCambridge {[u.a.] $nUniv. Press
033Q $aOnline-Ressource
034D $aXII, 285 S.
034I $a26 cm
034M $aIll.
037G $aOnline-Ausg.:
044K $REnglisch $RAmerikanisches Englisch $#Afroamerikanisches Englisch $#Ebonics $74191591-4 $8Black English [Ts1] $9085953229
045A $aPE3102.N48
045B $a427.97308996073
045E $c420
045Z $8HF 600 [Tkv] $9408616679
045Z $8HF 700 [Tkv] $9408617209
045Z $8HF 991 [Tkv] $9408618167
lok: 18005873 3
101B $001-08-06 $t14:46:14.000
101C $001-08-06
145S/06 $a711
101U $0utf8
exp: 18005873 3 1 #EPN
201B/01 $002-02-24 $t22:52:54.000
201U/01 $0utf8
203@/01 $0431447438
208@/01 $a01-08-06 $bl
209S/01 $SV153 $uhttp://search.ebscohost.com/login.aspx?direct=true&scope=site&db=nlebk&db=nlabk&AN=125093 $XH
lok: 18005873 5
exp: 18005873 5 1 #EPN
201B/01 $019-06-13 $t23:27:35.000
201U/01 $0utf8
203@/01 $0431447446
208@/01 $a01-08-06 $bl
209S/01 $SV153 $uhttp://search.ebscohost.com/login.aspx?direct=true&scope=site&db=nlebk&db=nlabk&AN=125093 $XH
lok: 18005873 6
exp: 18005873 6 1 #EPN
201B/01 $019-06-13 $t23:27:35.000
201U/01 $0utf8
203@/01 $0579700534
208@/01 $a23-07-09 $bl
209S/01 $SV153 $uhttp://search.ebscohost.com/login.aspx?direct=true&scope=site&db=nlebk&db=nlabk&AN=125093 $XH
lok: 18005873 8
exp: 18005873 8 1 #EPN
201B/01 $019-06-13 $t23:27:35.000
201U/01 $0utf8
203@/01 $0431447454
208@/01 $a01-08-06 $bl
209S/01 $SV153 $uhttp://search.ebscohost.com/login.aspx?direct=true&scope=site&db=nlebk&db=nlabk&AN=125093 $XH
lok: 18005873 10
exp: 18005873 10 1 #EPN
201B/01 $019-06-13 $t23:27:35.000
201U/01 $0utf8
203@/01 $0431447462
208@/01 $a01-08-06 $bl
209S/01 $SV153 $uhttp://search.ebscohost.com/login.aspx?direct=true&scope=site&db=nlebk&db=nlabk&AN=125093 $XH
lok: 18005873 11
exp: 18005873 11 1 #EPN
201B/01 $019-06-13 $t23:27:35.000
201U/01 $0utf8
203@/01 $0431447470
208@/01 $a01-08-06 $bl
209S/01 $SV153 $uhttp://search.ebscohost.com/login.aspx?direct=true&scope=site&db=nlebk&db=nlabk&AN=125093 $XH
lok: 18005873 15
exp: 18005873 15 1 #EPN
201B/01 $019-06-13 $t23:27:36.000
201U/01 $0utf8
203@/01 $059556223X
208@/01 $a29-06-10 $bl
209S/01 $SV153 $uhttp://search.ebscohost.com/login.aspx?direct=true&scope=site&db=nlebk&db=nlabk&AN=125093 $XH
lok: 18005873 20
exp: 18005873 20 1 #EPN
201B/01 $019-06-13 $t23:27:36.000
201U/01 $0utf8
203@/01 $0431447497
208@/01 $a01-08-06 $bl
209S/01 $SV153 $uhttp://search.ebscohost.com/login.aspx?direct=true&scope=site&db=nlebk&db=nlabk&AN=125093 $XH
lok: 18005873 21
exp: 18005873 21 1 #EPN
201B/01 $019-06-13 $t23:27:36.000
201U/01 $0utf8
203@/01 $0431447500
208@/01 $a01-08-06 $bl
209S/01 $SV153 $uhttp://search.ebscohost.com/login.aspx?direct=true&scope=site&db=nlebk&db=nlabk&AN=125093 $XH
lok: 18005873 23
exp: 18005873 23 1 #EPN
201B/01 $019-06-13 $t23:27:36.000
201U/01 $0utf8
203@/01 $0431447519
208@/01 $a01-08-06 $bl
209S/01 $SV153 $uhttp://search.ebscohost.com/login.aspx?direct=true&scope=site&db=nlebk&db=nlabk&AN=125093 $XH
lok: 18005873 24
exp: 18005873 24 1 #EPN
201B/01 $019-06-13 $t23:27:36.000
201U/01 $0utf8
203@/01 $0595562248
208@/01 $a29-06-10 $bl
209S/01 $SV153 $uhttp://search.ebscohost.com/login.aspx?direct=true&scope=site&db=nlebk&db=nlabk&AN=125093 $XH
lok: 18005873 25
exp: 18005873 25 1 #EPN
201B/01 $019-06-13 $t23:27:36.000
201U/01 $0utf8
203@/01 $0431447527
208@/01 $a01-08-06 $bl
209S/01 $SV153 $uhttp://search.ebscohost.com/login.aspx?direct=true&scope=site&db=nlebk&db=nlabk&AN=125093 $XH
lok: 18005873 36
exp: 18005873 36 1 #EPN
201B/01 $019-06-13 $t23:27:36.000
201U/01 $0utf8
203@/01 $0595562256
208@/01 $a29-06-10 $bl
209S/01 $SV153 $uhttp://search.ebscohost.com/login.aspx?direct=true&scope=site&db=nlebk&db=nlabk&AN=125093 $XH
lok: 18005873 59
exp: 18005873 59 1 #EPN
201B/01 $019-06-13 $t23:27:36.000
201U/01 $0utf8
203@/01 $0503665924
208@/01 $a10-05-07 $bl
209S/01 $SV153 $uhttp://search.ebscohost.com/login.aspx?direct=true&scope=site&db=nlebk&db=nlabk&AN=125093 $XH
lok: 18005873 76
exp: 18005873 76 1 #EPN
201B/01 $029-10-16 $t08:28:13.097
201U/01 $0utf8
203@/01 $0785788220
208@/01 $a29-10-16 $bl
209S/01 $SV153 $uhttp://search.ebscohost.com/login.aspx?direct=true&scope=site&db=nlebk&db=nlabk&AN=125093 $XH
lok: 18005873 204
101B $012-02-08 $t14:48:03.000
101C $012-02-08
101U $0utf8
145S/01 $a1900e
exp: 18005873 204 1 #EPN
201B/01 $019-06-13 $t23:27:36.000
201U/01 $0utf8
203@/01 $0431447551
208@/01 $a01-08-06 $bl
209S/01 $SV153 $uhttp://search.ebscohost.com/login.aspx?direct=true&scope=site&db=nlebk&db=nlabk&AN=125093 $XH
lok: 18005873 205
exp: 18005873 205 1 #EPN
201B/01 $019-06-13 $t23:27:36.000
201U/01 $0utf8
203@/01 $043144756X
208@/01 $a01-08-06 $bl
209S/01 $SV153 $uhttp://search.ebscohost.com/login.aspx?direct=true&scope=site&db=nlebk&db=nlabk&AN=125093 $XH
| LEADER | 00000cam a2200000 c 4500 | ||
|---|---|---|---|
| 001 | 180058738 | ||
| 003 | DE-603 | ||
| 005 | 20170813072335.0 | ||
| 007 | cr|||||||||||| | ||
| 008 | 060801s2002 xx |||| o| u00||u|eng c | ||
| 020 | |a 9780511078231 (Sekundärausgabe) | ||
| 035 | |a (DE-599)HEB180058738 | ||
| 040 | |a DE-603 |b ger |c DE-603 |d DE-603 | ||
| 041 | |a eng | ||
| 050 | 0 | |a PE3102.N48 | |
| 082 | 7 | |a 427.97308996073 | |
| 084 | |a 420 |q DE-101 |2 sdnb | ||
| 084 | |a HF 600 |0 (DE-625)48956: |0 (DE-603)408616679 |2 rvk | ||
| 084 | |a HF 700 |0 (DE-625)49008: |0 (DE-603)408617209 |2 rvk | ||
| 084 | |a HF 991 |0 (DE-625)49104: |0 (DE-603)408618167 |2 rvk | ||
| 100 | 1 | |a Green, Lisa J. |d 1963- |0 (DE-603)267969082 |0 (DE-588)1013319958 |2 gnd | |
| 245 | 0 | 0 | |a African American English |b a linguistic introduction |c Lisa J. Green |
| 264 | 1 | |a Cambridge [u.a.] |b Univ. Press |c 2002 | |
| 300 | |a XII, 285 S. |b Ill. |c 26 cm | ||
| 530 | |a Online-Ausg.: | ||
| 533 | |a Online-Ausg. |d 2005 |e Online-Ressource |n ISBN 9780511078231 |7 s2005uuuuxx u| |n [Online-Ausg.] | ||
| 650 | 7 | |a Black English |0 (DE-588)4191591-4 |0 (DE-603)085953229 |2 gnd | |
| 856 | |u http://search.ebscohost.com/login.aspx?direct=true&scope=site&db=nlebk&db=nlabk&AN=125093 |x Verlag | ||
| 856 | 4 | 2 | |u http://www.nationallizenzen.de/angebote/nlproduct.2006-03-20.4421392276 |3 Inhaltsbeschreibung der Sammlung und Zugangshinweise |
| 912 | |a ZDB-1-NEL | ||
| 924 | 1 | |9 603 |a (DE-603)431447438 |b DE-603 |c HES |d d | |
| 924 | 1 | |9 603 |a (DE-603)431447446 |b DE-603 |c HES |d d | |
| 924 | 1 | |9 603 |a (DE-603)579700534 |b DE-603 |c HES |d d | |
| 924 | 1 | |9 603 |a (DE-603)431447454 |b DE-603 |c HES |d d | |
| 924 | 1 | |9 603 |a (DE-603)431447462 |b DE-603 |c HES |d d | |
| 924 | 1 | |9 603 |a (DE-603)431447470 |b DE-603 |c HES |d d | |
| 924 | 1 | |9 603 |a (DE-603)59556223X |b DE-603 |c HES |d d | |
| 924 | 1 | |9 603 |a (DE-603)431447497 |b DE-603 |c HES |d d | |
| 924 | 1 | |9 603 |a (DE-603)431447500 |b DE-603 |c HES |d d | |
| 924 | 1 | |9 603 |a (DE-603)431447519 |b DE-603 |c HES |d d | |
| 924 | 1 | |9 603 |a (DE-603)595562248 |b DE-603 |c HES |d d | |
| 924 | 1 | |9 603 |a (DE-603)431447527 |b DE-603 |c HES |d d | |
| 924 | 1 | |9 603 |a (DE-603)595562256 |b DE-603 |c HES |d d | |
| 924 | 1 | |9 603 |a (DE-603)503665924 |b DE-603 |c HES |d d | |
| 924 | 1 | |9 603 |a (DE-603)785788220 |b DE-603 |c HES |d d | |
| 924 | 1 | |9 603 |a (DE-603)431447551 |b DE-603 |c HES |d d | |
| 924 | 1 | |9 603 |a (DE-603)43144756X |b DE-603 |c HES |d d | |


